| 000 | 00362nam a2200157Ia 4500 | ||
|---|---|---|---|
| 008 | 230524s9999 xx 000 0 und d | ||
| 082 |
_a621.317 _bKUM |
||
| 100 | _aSunil Kumar | ||
| 245 | 0 | _aPower Electronics | |
| 250 | _a1ST | ||
| 260 |
_aNEW DELHI _bKataria _c2004 |
||
| 300 | _a391 | ||
| 500 | _aQuantity Number: 2 | ||
| 650 | _aElectrical | ||
| 942 | _cBK | ||
| 999 |
_c13876 _d13876 |
||